Leaders of the United Kingdom - Statistics

General Stats
  • This quiz has been taken 14 times
  • The average score is 33 of 105
Answer Stats
Office Party Term Name % Correct
Prime Minister of the UK Conservative and Unionist Party 2019-Present Boris Johnson
100%
Mayor of London Conservative and Unionist Party 2008-2016 Boris Johnson
100%
Prime Minister of the UK Conservative and Unionist Party 2010-2016 David Cameron
100%
Leader of Her Majesty's Most Loyal Opposition Conservative and Unionist Party 2005-2010 David Cameron
100%
Monarch of the UK No Party 1952-Present Elizabeth II
100%
Prime Minister of the UK Labour Party 2007-2010 Gordon Brown
100%
Prime Minister of the UK Conservative and Unionist Party 2016-2019 Theresa May
100%
Prime Minister of the UK Labour Party 1997-2007 Tony Blair
100%
First Minister of Scotland Scottish National Party 2014-Present Nicola Sturgeon
92%
Leader of the Opposition in the Scottish Parliament Scottish National Party 2004-2007 Nicola Sturgeon
92%
Mayor of London Labour Party 2016-Present Sadiq Khan
85%
Mayor of London Independent / Labour Party 2000-2008 Ken Livingstone
69%
First Minister of Scotland Scottish National Party 2007-2014 Alex Salmond
62%
Leader of the Opposition in the Scottish Parliament Scottish National Party 1999-2000 Alex Salmond
62%
Leader of Her Majesty's Most Loyal Opposition Labour Party 2020-Present Kier Starmer
54%
First Minister of Wales Welsh Labour 2009-2018 Carwyn Jones
46%
Leader of Her Majesty's Most Loyal Opposition Labour Party 2010-2015 Ed Milliband
46%
Llywydd of the Senedd Plaid Cymru - the Party of Wales 2016-Present Elin Jones
46%
Leader of Her Majesty's Most Loyal Opposition Conservative and Unionist Party 2001-2003 Iain Duncan Smith
46%
Leader of the Opposition in the Senedd Plaid Cymru - the Party of Wales 2000-2007 Ieuan Wyn Jones
46%
Leader of Her Majesty's Most Loyal Opposition Labour Party 2015-2020 Jeremy Corbyn
46%
Archbishop of Canterbury No Party 2002-2012 Rowan Williams
46%
First Minister of Northern Ireland Democratic Unionist Party 2010 Arlene Foster
38%
First Minister of Northern Ireland Democratic Unionist Party 2015 Arlene Foster
38%
First Minister of Northern Ireland Democratic Unionist Party 2016-2017 Arlene Foster
38%
First Minister of Northern Ireland Democratic Unionist Party 2020-2021 Arlene Foster
38%
Speaker of the House of Commons Labour Party 1992-2000 Betty Boothroyd
38%
First Minister of Northern Ireland Democratic Unionist Party 2007-2010 Ian Paisley
38%
Speaker of the House of Commons Labour Party 2019-Present Lindsay Hoyle
38%
First Minister of Wales Welsh Labour 2018-Present Mark Drakeford
38%
Leader of Her Majesty's Most Loyal Opposition Conservative and Unionist Party 2003-2005 Michael Howard
38%
Deputy First Minister of Northern Ireland Sinn Féin 2020-2021 Michelle O'Neill
38%
Deputy First Minister of Northern Ireland Sinn Féin 2021-Present Michelle O'Neill
38%
First Minister of Northern Ireland Democratic Unionist Party 2010-2015 Peter Robinson
38%
First Minister of Northern Ireland Democratic Unionist Party 2015-2016 Peter Robinson
38%
Leader of Her Majesty's Most Loyal Opposition Conservative and Unionist Party 1998-2001 William Hague
38%
First Minister of Wales Welsh Labour 1999-2000 Alun Michael
31%
First Minister of Northern Ireland Ulster Unionist Party 1998-2001 David Trimble
31%
First Minister of Northern Ireland Ulster Unionist Party 2001-2002 David Trimble
31%
First Minister of Scotland Scottish Labour Party 1999-2000 Donald Dewar
31%
Archbishop of Canterbury No Party 1991-2002 George Carey
31%
First Minister of Scotland Scottish Labour Party 2001-2007 Jack McConnell
31%
Leader of the Opposition in the Scottish Parliament Scottish Labour Party 2007 Jack McConnell
31%
Speaker of the House of Commons Conservative and Unionist Party 2009-2019 John Bercow
31%
Archbishop of Canterbury No Party 2013-Present Justin Welby
31%
Deputy First Minister of Northern Ireland Sinn Féin 2007-2011 Martin McGuiness
31%
Deputy First Minister of Northern Ireland Sinn Féin 2011-2017 Martin McGuiness
31%
Speaker of the House of Commons Labour Party 2000-2009 Michael Martin
31%
First Minister of Wales Welsh Labour 2000-2009 Rhodri Morgan
31%
Presiding Officer of the Scottish Parliament Scottish Conservative and Unionist Party 2007-2011 Alex Fergusson
23%
Leader of the Opposition in the Scottish Parliament Scottish Conservative and Unionist Party 2020-Present Douglas Ross
23%
Leader of Her Majesty's Most Loyal Opposition Labour Party 2010 Harriet Harman
23%
Leader of Her Majesty's Most Loyal Opposition Labour Party 2015 Harriet Harman
23%
First Minister of Scotland Scottish Labour Party 2000-2001 Henry McLeish
23%
First Minister of Scotland Scottish Liberal Democrats 2000 Jim Wallace
23%
First Minister of Scotland Scottish Liberal Democrats 2001 Jim Wallace
23%
Leader of the Opposition in the Scottish Parliament Scottish National Party 2000-2004 John Swinney
23%
Leader of the Opposition in the Scottish Parliament Scottish Labour Party 2014-2015 Kezia Dugdale
23%
Leader of the Opposition in the Scottish Parliament Scottish Labour Party 2015-2016 Kezia Dugdale
23%
Leader of the Opposition in the Senedd Plaid Cymru - the Party of Wales 2016 Leanne Wood
23%
Leader of the Opposition in the Scottish Parliament Scottish Conservative and Unionist Party 2016-2018 Ruth Davidson
23%
Leader of the Opposition in the Scottish Parliament Scottish Conservative and Unionist Party 2019 Ruth Davidson
23%
Leader of the Opposition in the Scottish Parliament Scottish Conservative and Unionist Party 2020 Ruth Davidson
23%
Presiding Officer of the Scottish Parliament Scottish Greens 2021-Present Alison Johnstone
15%
Leader of the Opposition in the Senedd Welsh Conservatives 2011-2016 Andrew RT Davies
15%
Leader of the Opposition in the Senedd Welsh Conservatives 2017-2018 Andrew RT Davies
15%
Leader of the Opposition in the Senedd Welsh Conservatives 2021 Andrew RT Davies
15%
Leader of the Opposition in the Senedd Welsh Conservatives 2021 Andrew RT Davies
15%
Leader of the Opposition in the Senedd Plaid Cymru - the Party of Wales 1999-2000 Dafydd Wigley
15%
Presiding Officer of the Scottish Parliament Scottish Liberal Democrats 1999-2003 David Steel
15%
Presiding Officer of the Scottish Parliament Scottish National Party 2003-2007 George Reid
15%
First Minister of Northern Ireland Labour Party 2002 John Reid
15%
Presiding Officer of the Scottish Parliament Scottish Labour Party 2016-2021 Ken Macintosh
15%
Leader of the Opposition in the Senedd Welsh Conservatives 2011 Paul Davies
15%
Leader of the Opposition in the Senedd Welsh Conservatives 2018-2021 Paul Davies
15%
First Minister of Northern Ireland Democratic Unionist Party 2021-Present Paul Givan
15%
First Minister of Northern Ireland Labour Party 2005-2007 Peter Hain
15%
Leader of the Opposition in the Scottish Parliament Scottish Labour Party 2007-2008 Wendy Alexander
15%
Speaker of the Northern Ireland Assembly Democratic Unionist Party 2007-2014 William Hay
15%
Speaker of the Northern Ireland Assembly Sinn Féin 2020-Present Alex Maskey
8%
Llywydd of the Senedd Plaid Cymru - the Party of Wales 1999-2011 Dafydd Ellis-Thomas
8%
Lord Speaker Labour Party 2006-2011 Helene Hayman
8%
Leader of the Opposition in the Scottish Parliament Scottish Labour Party 2008-2011 Iain Grey
8%
Leader of the Opposition in the Scottish Parliament Scottish Labour Party 2015 Iain Grey
8%
Leader of the Opposition in the Scottish Parliament Scottish Labour Party 2014 Jackie Baillie
8%
Leader of the Opposition in the Scottish Parliament Scottish Conservative and Unionist Party 2018-2019 Jackson Carlaw
8%
Leader of the Opposition in the Scottish Parliament Scottish Conservative and Unionist Party 2019-2020 Jackson Carlaw
8%
Leader of the Opposition in the Scottish Parliament Scottish Labour Party 2011-2014 Johann Lamont
8%
Deputy First Minister of Northern Ireland Social Democratic and Labour Party 2001-2002 Mark Durkan
8%
Speaker of the Northern Ireland Assembly Sinn Féin 2015-2016 Mitchel McLaughlin
8%
Leader of the Opposition in the Senedd Welsh Conservatives 2007-2011 Nick Bourne
8%
Lord Speaker Conservative and Unionist Party 2016-2021 Norman Fowler
8%
First Minister of Northern Ireland Labour Party 2002-2005 Paul Murphy
8%
First Minister of Northern Ireland Ulster Unionist Party 2001 Reg Empey
8%
Speaker of the Northern Ireland Assembly Democratic Unionist Party 2016-2020 Robin Newton
8%
Llywydd of the Senedd Welsh Labour 2011-2016 Rosemary Butler
8%
Deputy First Minister of Northern Ireland Social Democratic and Labour Party 1998-2001 Seamus Mallon
8%
Presiding Officer of the Scottish Parliament Scottish National Party 2011-2016 Tricia Marwick
8%
Leader of the Opposition in the Scottish Parliament Scottish Labour Party 2007 Cathy Jamieson
0%
Leader of the Opposition in the Scottish Parliament Scottish Labour Party 2008 Cathy Jamieson
0%
Speaker of the Northern Ireland Assembly Alliance Party of Northern Ireland 2007 Eileen Bell
0%
Lord Speaker Crossbench 2011-2016 Frances D'Souza
0%
Speaker of the Northern Ireland Assembly Alliance Party of Northern Ireland 1998-2004 John Alderdice
0%
Lord Speaker Labour Party 2021-Present John McFall
0%
Deputy First Minister of Northern Ireland Sinn Féin 2011 John O'Dowd
0%
No matching quizzes found
Score Distribution
Percent of People with Each Score
Percentile by Number Answered
Your Score History
You have not taken this quiz